|
|
|
|
| LEADER |
01176na a2200313 4500 |
| 001 |
000031885 |
| 003 |
7413 |
| 005 |
20230304090127.0 |
| 008 |
151001s1999 000 eng |
| 040 |
|
|
|a LNN
|
| 041 |
|
|
|a eng
|
| 082 |
|
|
|a 420.4
|b NG-U
|
| 100 |
|
|
|a Nguyễn Hoàng Thanh Uyên
|
| 245 |
|
4 |
|a The Translation of the First Two Chapters in "Managing Change in Organizations" by Colin Carnall /
|c Nguyễn Hoàng Thanh Uyên.
|
| 260 |
|
|
|c 1999.
|
| 300 |
|
|
|a 111tr. : mh ; 30cm.
|
| 650 |
|
|
|a The Translation of the First Two Chapters in "Managing Change in Organizations" by Colin Carnall, SV
|
| 852 |
|
|
|c Luận văn sinh viên
|
| OWN |
|
|
|a LNN
|
| AVA |
|
|
|a UDN50
|b LNN
|c English
|d 420.4 NG-U
|e available
|t Error 5001 Not defined in file expand_doc_bib_avail.
|f 1
|g 0
|h N
|i 0
|j AN
|k 1
|
| 999 |
|
|
|a From the UDN01
|
| AVA |
|
|
|a UDN50
|b LNN
|c English
|d 420.4 NG-U
|e available
|t Error 5001 Not defined in file expand_doc_bib_avail.
|f 1
|g 0
|h N
|i 0
|j AN
|k 1
|
| TYP |
|
|
|a Printed language
|
| 980 |
|
|
|a Mạng thư viện Đại học Đà Nẵng
|